000 00693nam a2200205Ia 4500
003 GCL
008 140319s9999 xx 000 0 ara d
040 _aGCL /
_cGCL
082 0 4 _a001.6
_bل ر
100 1 _aليبسثتز، سيمور
245 1 0 _aالرياضيات الاساسية للحاسب /
_cليبسثتز، سيمور
700 1 _aبيومى ابراهيم بيومى
700 1 _aراجى حليم مقار
260 _a[S.N] :
_bالدار الدولية للنشر والتوزيع ،
_c1993
300 _a439
490 _aسلسلة ملخصات شوم
_v0
650 0 4 _aالحاسبات الالكترونية
650 0 4 _aالرياضيات
942 _2ddc
_cBK
999 _c52386
_d52386